00384 2200157 4500001002100000005001500021035002000036245004300056100001700099300002600116260002800142082000800170084001400178020002200192990001200214INLIS00000000000297820250917024529 a0010-09250003251 aKisah Haru Sang Dokter /cAttala Raras0 aAttala Raras a228 hlm ;c13 x 19 cm aJakarta :bZettu,c2013 a813 a813 ATT k a978-602-7735-90-3 a0755655